[Event "Hannover Bezirks-ch B"]
[Site "Lehrte"]
[Date "2019.10.03"]
[Round "1.6"]
[White "Bulmahn, Aaron Aime"]
[Black "Frese, Immo"]
[Result "1/2-1/2"]
[WhiteElo "1545"]
[BlackElo "1703"]
[PlyCount "62"]
[EventDate "2019.10.03"]
[EventType "swiss"]
[EventRounds "7"]
[EventCountry "GER"]
[SourceTitle "EXT 2023"]
[Source "ChessBase"]
[SourceDate "2022.10.05"]
[SourceVersion "1"]
[SourceVersionDate "2022.10.05"]
[SourceQuality "1"]

1. e4 d5 2. exd5 Qxd5 3. Nc3 Qa5 4. Bc4 Nf6 5. h3 Bf5 6. d3 c6 7. Nf3 e6 8. 0-0 Bd6 9. Bd2 Qc7 10. Nh4 Bg6 11. Nxg6 hxg6 12. Qf3 Nbd7 13. Ne4 Nxe4 14. Qxe4 0-0-0 15. d4 Nf6 16. Qf3 Rh7 17. c3 Rdh8 18. b4 Rh5 19. Be2 g5 20. Qd3 g4 21. f4 gxf3 22. Rxf3 Nd5 23. c4 Nf6 24. a4 e5 25. dxe5 Bxe5 26. Bc3 Bxc3 27. Qxc3 Re5 28. Re3 Rhe8 29. Rxe5 Rxe5 30. Bf3 Qe7 31. Kf2 Kc7 1/2-1/2

[Event "Hannover Bezirk-ch B"]
[Site "Hannover"]
[Date "2018.10.07"]
[Round "7.4"]
[White "Roehrkasten, Reinhard"]
[Black "Frese, Immo"]
[Result "1/2-1/2"]
[WhiteElo "1927"]
[BlackElo "1766"]
[PlyCount "89"]
[EventDate "2018.10.04"]
[EventType "swiss"]
[EventRounds "7"]
[EventCountry "GER"]
[SourceTitle "EXT 2022"]
[Source "ChessBase"]
[SourceDate "2021.10.06"]
[SourceVersion "1"]
[SourceVersionDate "2021.10.06"]
[SourceQuality "1"]

1. d4 d5 2. c4 e6 3. Nf3 Nf6 4. Nc3 Nbd7 5. cxd5 exd5 6. Bg5 Be7 7. e3 0-0 8. Bd3 c6 9. Qc2 h6 10. h4 Re8 11. 0-0-0 b5 12. Bf4 a5 13. Rdg1 b4 14. Na4 Nb6 15. Ne5 Nxa4 16. Qxa4 c5 17. Bb5 Rf8 18. Nc6 Qd7 19. Nxb4 Qd8 20. Nc6 Qd7 21. g4 Ne4 22. f3 Nd6 23. Nxe7+ Qxe7 24. Bc6 Ra7 25. Bxd5 cxd4 26. Qxd4 Rd8 27. Rd1 Kf8 28. Kb1 Nb5 29. Qb6 Rxd5 30. Rxd5 Nc3+ 31. bxc3 Rb7 32. Rb5 Rxb6 33. Rxb6 Qd7 34. Rc1 Qd3+ 35. Kb2 Be6 36. Rb8+ Ke7 37. Ka1 Qd2 38. Rb7+ Kf6 39. g5+ Kg6 40. h5+ Kxh5 41. Rh1+ Kg6 42. Rb2 Qxc3 43. gxh6 gxh6 44. Rxh6+ Kg7 45. Rhh2 1/2-1/2

[Event "Niedersachsen-ch op B"]
[Site "Verden"]
[Date "2018.01.05"]
[Round "3"]
[White "Frese, Immo"]
[Black "Soelter, Thomas"]
[Result "0-1"]
[WhiteElo "1654"]
[BlackElo "1522"]
[PlyCount "76"]
[EventDate "2018.01.04"]
[EventType "swiss"]
[EventRounds "7"]
[EventCountry "GER"]
[SourceTitle "EXT 2022"]
[Source "ChessBase"]
[SourceDate "2021.10.06"]
[SourceVersion "1"]
[SourceVersionDate "2021.10.06"]
[SourceQuality "1"]

1. d4 Nf6 2. c4 e6 3. Nc3 Bb4 4. a3 Bxc3+ 5. bxc3 c5 6. e3 0-0 7. Bd3 Nc6 8. Nf3 d6 9. 0-0 e5 10. Be2 Ne4 11. Qc2 f5 12. Rd1 Qe7 13. d5 Na5 14. Nd2 Nxd2 15. Bxd2 e4 16. Rf1 b6 17. f3 Ba6 18. fxe4 fxe4 19. Bg4 Bxc4 20. Be6+ Kh8 21. Rxf8+ Rxf8 22. Re1 Qf6 23. Qd1 Qf2+ 24. Kh1 Bf1 25. Bh3 Nc4 26. Bc1 Bd3 27. Be6 Qf6 28. Bg4 Qxc3 29. Be2 Bxe2 30. Qxe2 Ne5 31. Rf1 Rxf1+ 32. Qxf1 Kg8 33. h3 Nd3 34. Qf5 Qf6 35. Qc8+ Qf8 36. Qe6+ Kh8 37. Bd2 b5 38. Qxe4 Nf2+ 0-1

[Event "Niedersachsen-ch op B"]
[Site "Verden"]
[Date "2018.01.05"]
[Round "4"]
[White "Lau, Robert1111"]
[Black "Frese, Immo"]
[Result "0-1"]
[WhiteElo "1509"]
[BlackElo "1654"]
[PlyCount "78"]
[EventDate "2018.01.04"]
[EventType "swiss"]
[EventRounds "7"]
[EventCountry "GER"]
[SourceTitle "EXT 2022"]
[Source "ChessBase"]
[SourceDate "2021.10.06"]
[SourceVersion "1"]
[SourceVersionDate "2021.10.06"]
[SourceQuality "1"]

1. e4 e6 2. Nf3 d5 3. exd5 exd5 4. d4 Nc6 5. c4 Nf6 6. Nc3 Bb4 7. Bg5 Be6 8. cxd5 Bxd5 9. Be2 0-0 10. 0-0 Be7 11. Qd2 a6 12. Rad1 Re8 13. Nxd5 Qxd5 14. Bd3 Qxa2 15. Bxf6 Bxf6 16. d5 Ne5 17. Nxe5 Bxe5 18. f4 Bd4+ 19. Kh1 Qxb2 20. Bxh7+ Kxh7 21. Qd3+ Kg8 22. Qxd4 Qxd4 23. Rxd4 Re7 24. g3 Rae8 25. Kg2 Re2+ 26. Rf2 Rxf2+ 27. Kxf2 Kf8 28. h4 Ke7 29. g4 Kd6 30. g5 b5 31. Kf3 a5 32. h5 a4 33. Kg4 Kc5 34. Rd1 b4 35. Kf5 b3 36. Rc1+ Kd6 37. g6 fxg6+ 38. Kxg6 a3 39. Kxg7 b2 0-1

[Event "Hannover Ihme Cup"]
[Site "Hannover"]
[Date "2016.05.22"]
[Round "5"]
[White "Phunhon Lopez, Daniel Alejandro"]
[Black "Frese, Immo"]
[Result "1-0"]
[WhiteElo "2007"]
[BlackElo "1807"]
[PlyCount "153"]
[EventDate "2016.05.20"]
[EventType "swiss"]
[EventRounds "5"]
[EventCountry "GER"]
[SourceTitle "CBM 189 Extra"]
[Source "ChessBase"]
[SourceDate "2019.06.03"]
[SourceVersion "1"]
[SourceVersionDate "2019.06.03"]
[SourceQuality "1"]

1. e4 e6 2. d4 d5 3. e5 c5 4. c3 Qb6 5. Nf3 Nc6 6. a3 cxd4 7. cxd4 Nge7 8. b4 Nf5 9. Be3 Be7 10. Bd3 f6 11. Bxf5 exf5 12. 0-0 0-0 13. Nc3 Be6 14. Na4 Qd8 15. exf6 Bxf6 16. Nc5 Bc8 17. Qd2 b6 18. Nd3 Ba6 19. Rfe1 Bxd3 20. Qxd3 g6 21. Bf4 Re8 22. Be5 Re6 23. h3 Qe7 24. Bxf6 Qxf6 25. Rxe6 Qxe6 26. Re1 Qd7 27. b5 Na5 28. Ne5 Qe6 29. Rc1 Rc8 30. Rxc8+ Qxc8 31. Qf3 Qe6 32. Qc3 Nc4 33. a4 Kg7 34. Nc6 a6 35. Qg3 axb5 36. axb5 Qe1+ 37. Kh2 Nd2 38. Qe5+ Qxe5+ 39. dxe5 Ne4 40. f4 Kf7 41. Nd4 Nd2 42. Kg3 h6 43. Kf2 Nc4 44. Ke2 Ke7 45. Kd3 Nb2+ 46. Kc2 Nc4 47. Nc6+ Ke6 48. Kd3 Na3 49. Nd4+ Ke7 50. Kc3 Nc4 51. Nc6+ Ke6 52. Nd8+ Ke7 53. Nc6+ Ke6 54. Nd4+ Ke7 55. Kd3 Nb2+ 56. Ke2 Nc4 57. g4 fxg4 58. hxg4 Kf7 59. Kf3 Nd2+ 60. Kg3 Ne4+ 61. Kh3 Nf2+ 62. Kh4 Nd3 63. Kg3 Ke7 64. Nc6+ Ke6 65. Nd4+ Ke7 66. Kf3 Kf7 67. Ke3 Nb2 68. Nc6 Ke6 69. Kd4 Nc4 70. Nb4 Na3 71. Nxd5 Nxb5+ 72. Ke4 Na3 73. Nxb6 Nc2 74. f5+ gxf5+ 75. gxf5+ Kf7 76. Nd5 Ne1 77. Nf4 1-0

[Event "Daehne Cup Region 15/16 V"]
[Site "Bissendorf"]
[Date "2016.04.15"]
[Round "3"]
[White "Proehl, Juergen"]
[Black "Frese, Immo"]
[Result "0-1"]
[WhiteElo "1438"]
[BlackElo "1615"]
[PlyCount "75"]
[EventDate "2016.03.18"]
[EventType "k.o."]
[EventRounds "5"]
[EventCountry "GER"]
[SourceTitle "EXT 2022"]
[Source "ChessBase"]
[SourceDate "2021.10.06"]
[SourceVersion "1"]
[SourceVersionDate "2021.10.06"]
[SourceQuality "1"]

1. e4 e6 2. d3 d5 3. Nd2 Nf6 4. Qe2 Be7 5. g3 0-0 6. Bg2 Re8 7. Ngf3 c5 8. 0-0 Nc6 9. Re1 b6 10. e5 Nd7 11. Nf1 Bb7 12. h4 f6 13. exf6 Bxf6 14. Bg5 h6 15. Bxf6 Qxf6 16. Rab1 Re7 17. N1h2 Qg6 18. Bh3 Rae8 19. Qd2 e5 20. Re2 Nf6 21. Rbe1 Ba6 22. g4 e4 23. h5 Nxh5 24. Nh4 Qf6 25. Nf5 Re5 26. gxh5 Rxf5 27. Bxf5 Qxf5 28. dxe4 Qxh5 29. Re3 Qg5+ 30. Kh1 d4 31. Rg1 dxe3 32. fxe3 Qe5 33. Ng4 Qh5+ 34. Nh2 Rxe4 35. Qd7 Ne7 36. Qxa7 Qd5 37. Qb8+ Kh7 38. Ng4 0-1

[Event "Daehne Cup Region 15/16 V"]
[Site "Bissendorf"]
[Date "2016.03.18"]
[Round "1"]
[White "Frese, Immo"]
[Black "Zweigait, Leon"]
[Result "1-0"]
[WhiteElo "1615"]
[BlackElo "1330"]
[PlyCount "61"]
[EventDate "2016.03.18"]
[EventType "k.o."]
[EventRounds "5"]
[EventCountry "GER"]
[SourceTitle "EXT 2022"]
[Source "ChessBase"]
[SourceDate "2021.10.06"]
[SourceVersion "1"]
[SourceVersionDate "2021.10.06"]
[SourceQuality "1"]

1. d4 Nf6 2. c4 g6 3. Nc3 Bg7 4. g3 d6 5. Bg2 0-0 6. b3 Bd7 7. Bxb7 Bc6 8. Bxa8 Bxa8 9. Nf3 Nbd7 10. 0-0 c5 11. Bb2 Ne4 12. Qd3 f5 13. d5 Ndf6 14. Nd2 Qd7 15. Ncxe4 fxe4 16. Nxe4 e6 17. Nxf6+ Bxf6 18. Bxf6 Rxf6 19. e4 exd5 20. exd5 Bb7 21. Rfe1 Bc8 22. Qe4 Kf7 23. Re3 Qd8 24. Rae1 Kf8 25. Qe8+ Qxe8 26. Rxe8+ Kg7 27. R1e7+ Rf7 28. Rxf7+ Kxf7 29. Rxc8 a5 30. Ra8 Ke7 31. Rxa5 1-0

[Event "Daehne Cup Region 15/16 III"]
[Site "Burgdorf"]
[Date "2016.02.01"]
[Round "2"]
[White "Frese, Immo"]
[Black "Glaschak, Joachim"]
[Result "1-0"]
[WhiteElo "1630"]
[BlackElo "1226"]
[PlyCount "89"]
[EventDate "2016.01.25"]
[EventType "k.o."]
[EventRounds "4"]
[EventCountry "GER"]
[SourceTitle "EXT 2022"]
[Source "ChessBase"]
[SourceDate "2021.10.06"]
[SourceVersion "1"]
[SourceVersionDate "2021.10.06"]
[SourceQuality "1"]

1. Nf3 d5 2. g3 Nf6 3. Bg2 Bf5 4. c4 e6 5. 0-0 h6 6. b3 Be7 7. Bb2 Nbd7 8. d3 c6 9. Nbd2 0-0 10. Re1 Qb6 11. d4 a5 12. c5 Qc7 13. e3 b6 14. cxb6 Qxb6 15. Qe2 c5 16. dxc5 Bxc5 17. Ne5 Nxe5 18. Bxe5 Be7 19. Rec1 Rfc8 20. h3 Nd7 21. Bd4 Bc5 22. Bxc5 Nxc5 23. e4 Nxe4 24. Nxe4 dxe4 25. Bxe4 Bxe4 26. Qxe4 Qd8 27. Rc4 Qd5 28. Qc2 Rxc4 29. Qxc4 Qxc4 30. bxc4 Rc8 31. Rc1 Rc5 32. Kf1 Kf8 33. Ke2 f5 34. f4 Ke7 35. Kd3 Kd6 36. a4 e5 37. fxe5+ Rxe5 38. Rb1 Kc7 39. Rb5 Rxb5 40. cxb5 g5 41. h4 f4 42. gxf4 gxh4 43. Ke3 h3 44. Kf3 h5 45. Kg3 1-0